000 01595nam a2200229Ia 4500
003 OSt
005 20250605141401.0
008 220926b |||||||| |||| 00| 0 eng d
037 _cReference Collections
040 _aRTL
_cRTL
_beng
041 _2eng
_aeng
084 _aB K0/SC
_qRTL
100 _aUlam, S. M.
_9371095
245 0 _aCollection of mathematical problems
260 _aNew York
_b Interscience Publishers, INC.
_c1960
300 _axiii, 150 p. : ill.
_ccm.
_bIncludes bibliographical references and index
490 _aInterscience tracts in pure and applied mathematics
520 _aThis work has been selected by scholars as being culturally important and is part of the knowledge base of civilization as we know it. This work is in the public domain in the United States of America, and possibly other nations. Within the United States, you may freely copy and distribute this work, as no entity (individual or corporate) has a copyright on the body of the work. Scholars believe, and we concur, that this work is important enough to be preserved, reproduced, and made generally available to the public. To ensure a quality reading experience, this work has been proofread and republished using a format that seamlessly blends the original graphical elements with text in an easy-to-read typeface. We appreciate your support of the preservation process, and thank you for being an important part of keeping this knowledge alive and relevant.
650 _aMathematics
942 _hB K0/SC
_cREF
_2CC
_n0
999 _c691334
_d691334